Indian income-tax law and practice, corrected upto July 1965. (Record no. 68087)

MARC details
000 -LEADER
fixed length control field 00736cam a22002531 4500
001 - CONTROL NUMBER
control field sa 66001947
003 - CONTROL NUMBER IDENTIFIER
control field DLC
005 - DATE AND TIME OF LATEST TRANSACTION
control field 20260227112226.0
008 - FIXED-LENGTH DATA ELEMENTS--GENERAL INFORMATION
fixed length control field 830414s1965 ii 000 0 eng
010 ## - LIBRARY OF CONGRESS CONTROL NUMBER
LC control number sa 66001947
025 ## - OVERSEAS ACQUISITION NUMBER
Overseas acquisition number PL480:I-E-5157
035 ## - SYSTEM CONTROL NUMBER
System control number (OCoLC)9409591
040 ## - CATALOGING SOURCE
Original cataloging agency DLC
Transcribing agency ViU
Modifying agency DLC
042 ## - AUTHENTICATION CODE
Authentication code premarc
050 00 - LIBRARY OF CONGRESS CALL NUMBER
Classification number KNS2832
Item number .B437 1965
082 ## - DEWEY DECIMAL CLASSIFICATION NUMBER
Classification number 340
100 1# - MAIN ENTRY--PERSONAL NAME
Personal name Bhattacharya, Sukumar,
Dates associated with a name 1923-2005.
245 10 - TITLE STATEMENT
Title Indian income-tax law and practice, corrected upto July 1965.
250 ## - EDITION STATEMENT
Edition statement [3d ed.]
260 ## - PUBLICATION, DISTRIBUTION, ETC.
Place of publication, distribution, etc. Calcutta,
Name of publisher, distributor, etc. Nababharat Publishers
Date of publication, distribution, etc. [1965]
300 ## - PHYSICAL DESCRIPTION
Extent xvi, 562 p.
Dimensions 25 cm.
650 #0 - SUBJECT ADDED ENTRY--TOPICAL TERM
Topical term or geographic name entry element Income tax
General subdivision Law and legislation
Geographic subdivision India.
650 #0 - SUBJECT ADDED ENTRY--TOPICAL TERM
Topical term or geographic name entry element Taxation
General subdivision Law and legislation
Geographic subdivision India.

No items available.

Powered by Koha